000 00872nmm a2200277 a 4500
001 ocm000716435
003 TR-IsHL
005 20201028152413.0
008 150709s2007 tu tur
007 cr cn
035 _a716435
_b(N$T)
050 0 4 _aPL248.O96
_bU5 2007
090 0 4 _aPL248.O96
_bU5 2007
100 1 _aÖzmen, Sevda
245 1 0 _aUnutmak o kadar kolay değil
_h[electronic resource] /
_cSevda Özmen ; ed. Tarık Acar
250 _a1. bs.
260 _aİstanbul :
_bMedusa Yayıncılık,
_c2007
300 _a168 p.
650 4 _aDil ve Edebiyat
650 4 _aLanguage and Literature
650 0 _aTürk romanı
650 0 _aTurkish fiction
650 7 _aLITERARY COLLECTIONS / Middle Eastern
_2bisacsh
700 1 _aAcar, Tarık
856 4 0 _uhttp://search.ebscohost.com/login.aspx?direct=true&scope=site&db=e011xww&AN=716435
999 _c11510
_d11510